MDQL
is popping MORE tags! Check the
thread
!
Quizzes
Events
Quiz Creation
Community
Videos
Private Events
Remove Ads
Sign In
Join for FREE
Feedback
Dark Mode
Quiz Categories
Sports
Geography
Music
Movies
Television
Just For Fun
Miscellaneous
History
Literature
Language
Science
Gaming
Entertainment
Religion
Holiday
For Kids
Quiz Lab
Recent
Popular Today
Quiz Kudos Today
Editor Picks
Curator Picks
Quizzes by...
Day
Popularity
Type
Ratings
Length
Year
Community
Subscriptions
Recent Discussions
Orange Saloon
Badges
Playlists
Quests
Create
Leaderboards
Showdown
Live 5
Trivia Bingo
Activity
Puzzle Library
Sporcle Events
Private Events
Virtual Trivia
Globe League
Become a Host
Pub Owners
SporcleCon
Opinionation
Our Games
Videos
Blog
Mobile Apps
Partnerships
Remove Ads and Go Orange
Feedback
Movies
Disney
Marvel Cinematic Universe
Movie Resume
Movie Titles
Oscar
Actor
Actress
Director
Pixar
Role
Movie Quotes
Movie Characters
Box Office
Nominee
Best Picture
Star Wars
James Bond
Horror Movies
Movies
Disney
Marvel Cinematic Universe
Movie Resume
Movie Titles
Oscar
Actor
Actress
Director
Pixar
Role
Movie Quotes
Movie Characters
Box Office
Nominee
Best Picture
Star Wars
James Bond
Horror Movies
Random Quiz
Search Sporcle
×
Editor Pick
Editor Pick
Movies
Nominee
Type answers that appear on an image
Type answers that appear on an image
Map
Best Score? Go Orange.
'A' Academy Award Nominees Stats
Can you name the Academy Award nominees whose names begin with the letter 'A'?
By
aquascape
8m
28 Questions
3,822 Plays
3,822 Plays
3,822 Plays
Comments
Comments
Give Quiz Kudos
Give Quiz Kudos
-
- Ratings
hide this ad
Replay
Link that replays current quiz
Next Quiz
Link to next quiz in quiz playlist
You Got
0%
They Got
Avg Score
49%
Avg Friend Score
Upgrade to see
Score Distribution
Jump to the score distribution portion of the page
Score
0/28
Timer
08:00
1
Play Today
% Correct
Woody Allen
94.6%
Avatar
94.1%
American Beauty
92.6%
Joan Allen
91.6%
Amy Adams
86%
Julie Andrews
81.5%
Alan Alda
78.2%
Alan Arkin
73.9%
Fred Astaire
72.4%
Amadeus
69.1%
Casey Affleck
65.9%
Argo
65.3%
Apocalypse Now
56%
F. Murray Abraham
55.5%
% Correct
Apollo 13
42.2%
Danny Aiello
35%
Paul T. Anderson
29.7%
Robert Altman
29.1%
Anatomy of a Murder
27.9%
Pedro Almodóvar
24.6%
Anne Archer
22%
Darren Aronofsky
21.2%
Jean Arthur
17.8%
Peggy Ashcroft
16.4%
Awakenings
15.6%
Eve Arden
11.1%
Anouk Aimée
9.5%
Lew Ayres
8.7%
Quiz Playlist
Details
Report
Send in Message
Add To Playlist
Map:
Type answers that appear on an image
Last Updated: Apr 27, 2017
Editor Pick in
Movies
Quiz Scoreboard
CHALLENGE
Sign Up to Join the Scoreboard
Show All
Scores
Hide
Comments
May contain spoilers
Recently Published
Image Sorting: Flags VI
by Barbecue
Geography
2m
Find the 'City' Movie
by crazypaving
Movies
60s
Colored Red Africa Blitz
by spor1
Geography
45s
More to Explore
Quiz From the Vault
Featured Blog Post
14 Easter Pick-up Lines to Find Eggs With
hide this ad
You Might Also Like...
Tags
Best Picture Quiz
Letter Quiz
Nominee Quiz
Oscar Quiz
Academy
Award
Award Nominations
Award Recipients
Letter A
Movie Poster
Oscar Nominated
Today's Top Quizzes in Movies
Browse Movies
hide this ad
Today's Top Quizzes in Nominee
Browse Nominee
Top Contributed Quizzes in Movies
1
Find The 'Big' Movie
2
Find The 'Blue' Movie
3
Find The 'Wild' Movie
4
Movies By Plot
5
The ultimate James Bond movie quiz
6
Hidden Star Wars Character II
7
Pick 5 Posters: Directed by Spielberg
8
Hidden Star Wars Character III
9
Hidden Star Wars Character IV
10
25 Best Actor Nominees (1990s)
Explore More
Trending Topics
Kpop
Anime
Harry Potter
Disney
Crossword
NBA
Marvel
WWE
The Office
Country
Pokémon
Song
Puzzle
NFL
Soccer
hide this ad
More By:
aquascape
Quiz
Plays
Rating
Category
Featured
Created
Capital Location: Europe
143,281
4.76
Geography
Jan 2, 2014
Leonardo DiCaprio Movies by Image
111,948
4.57
Movies
Feb 17, 2014
Guess That Scene!
110,263
4.54
Movies
Aug 7, 2013
My Friends Call Me...
99,764
4.43
Movies
May 21, 2013
Movies by Workplace Scene
91,979
4.32
Movies
Jul 26, 2013
Go to Creator's Profile
Score Distribution
Quiz Creator Spotlight
aquascape
Follow
Send a Message
Quizzes Created
-
Created Quiz Play Count
-
More By This Creator
Popular Quizzes Today
1
Colored Red Africa Blitz
2
Find the US States - No Outlines Minefield
3
Find the 'City' Movie
4
5x2 Blitz: Bands
5
The Countries of the World
6
Find the US States
7
Find the Countries of Europe - No Outlines Minefield
8
US States
More Movies Quizzes
Brittany Murphy Films by Image
Quiz Lab
Trending Quizzes
Colored Red Europe Blitz I
Colored Red Europe Blitz II
Colored Red Africa Blitz II
Colored Red Europe Blitz III
Colored Red Africa Blitz III
Recently Updated
How Do You Spell That?
pecheneg
Godzilla Movies
pecheneg
Grab Bag: 4-10 Letters
pecheneg
2024 March Madness Bracket
pecheneg
Famous TV Couples
Peacemaker
Champions League XIs: Real Madrid
pecheneg
Largest US Cities 1790-2010
pecheneg
Rides in Walt Disney World
pecheneg
Most Oscar Losses (Acting)
pecheneg
Beyoncé Albums
pecheneg
Trending Topics
NBA
Kpop
Crossword
Harry Potter
Anime
Disney
Marvel
NFL
Country
The Office
Puzzle
WWE
Song
Pokémon
Soccer
Your Account Isn't Verified!
In order to create a playlist on Sporcle, you need to verify the email address you used during registration. Go to your
Sporcle Settings
to finish the process.
Report this User
Report this user for behavior that violates our
Community Guidelines
.
Details:
Send Report
Go to the Sporcle.com Mobile Site →
Comments